[Event "COL sub zt 2.3.4"]
[Site "La Dorada"]
[Date "2016.11.07"]
[Round "9"]
[White "Salcedo, Juan Carlos"]
[Black "Pineda, Paul"]
[Result "1/2-1/2"]
[WhiteElo "1987"]
[BlackElo "1904"]
[PlyCount "20"]
[EventDate "2016.11.02"]
[EventType "swiss"]
[EventRounds "9"]
[EventCountry "COL"]
[SourceTitle "CBM 175 Extra"]
[Source "ChessBase"]
[SourceDate "2016.12.12"]
[SourceVersion "1"]
[SourceVersionDate "2016.12.12"]
[SourceQuality "1"]

1. d4 d5 2. Nf3 Nf6 3. e3 e6 4. Bd3 c6 5. c3 Nbd7 6. 0-0 Bd6 7. Nbd2 Qc7 8. Re1 0-0 9. Nf1 Re8 10. Ng3 Nf8 1/2-1/2

[Event "COL pre olympic sf"]
[Site "Bogota"]
[Date "2016.05.30"]
[Round "9"]
[White "Arango Arenas, Juan Camilo"]
[Black "Pineda, Paul"]
[Result "1-0"]
[WhiteElo "2218"]
[BlackElo "1810"]
[PlyCount "33"]
[EventDate "2016.05.25"]
[EventType "swiss"]
[EventRounds "9"]
[EventCountry "COL"]
[SourceTitle "CBM 172 Extra"]
[Source "ChessBase"]
[SourceDate "2016.06.21"]
[SourceVersion "1"]
[SourceVersionDate "2016.06.21"]
[SourceQuality "1"]

1. e4 d6 2. d4 Nf6 3. Nc3 g6 4. f4 Bg7 5. Nf3 0-0 6. Bd3 Bg4 7. 0-0 c5 8. d5 a6 9. a4 Ne8 10. Qe1 e5 11. dxe6 Bxe6 12. f5 Bc8 13. Bg5 f6 14. Bc4+ Kh8 15. Qh4 fxg5 16. Nxg5 Bd4+ 17. Kh1 1-0

[Event "COL pre olympic sf"]
[Site "Bogota"]
[Date "2016.05.26"]
[Round "2"]
[White "Pineda, Paul"]
[Black "Ossa, Vladimir"]
[Result "0-1"]
[WhiteElo "1810"]
[BlackElo "1955"]
[PlyCount "68"]
[EventDate "2016.05.25"]
[EventType "swiss"]
[EventRounds "9"]
[EventCountry "COL"]
[SourceTitle "CBM 172 Extra"]
[Source "ChessBase"]
[SourceDate "2016.06.21"]
[SourceVersion "1"]
[SourceVersionDate "2016.06.21"]
[SourceQuality "1"]

1. d4 Nf6 2. Nf3 g6 3. Bf4 Bg7 4. h3 b6 5. e3 Bb7 6. Be2 d6 7. Nbd2 Nbd7 8. 0-0 h6 9. c3 0-0 10. Qc2 Re8 11. e4 e5 12. Be3 exd4 13. cxd4 Nxe4 14. Nxe4 Bxe4 15. Bd3 Bxf3 16. gxf3 Nf6 17. Qd2 Kh7 18. Kg2 Nd5 19. f4 f5 20. Rg1 c5 21. Bb5 Re7 22. Rad1 Qc7 23. Kh2 Rd8 24. Rg3 Nf6 25. Bd3 Nh5 26. Rg2 cxd4 27. Bxd4 Bxd4 28. Bxf5 gxf5 29. Qxd4 d5 30. Kh1 Qxf4 31. Qd3 Qe4 32. Qc3 d4 33. Qb3 d3 34. f3 Qxf3 0-1

[Event "COL pre olympic sf1"]
[Site "Medellin"]
[Date "2016.03.27"]
[Round "9"]
[White "Pineda, Paul"]
[Black "Paniagua, Fabio de Jesus"]
[Result "0-1"]
[WhiteElo "1600"]
[BlackElo "1834"]
[PlyCount "98"]
[EventDate "2016.03.22"]
[EventType "swiss"]
[EventRounds "9"]
[EventCountry "COL"]
[SourceTitle "CBM 171 Extra"]
[Source "ChessBase"]
[SourceDate "2016.04.26"]
[SourceVersion "1"]
[SourceVersionDate "2016.04.26"]
[SourceQuality "1"]

1. d4 Nf6 2. c4 e6 3. Nf3 Be7 4. Nc3 d5 5. e3 0-0 6. Be2 Nbd7 7. 0-0 Re8 8. a3 Nf8 9. Ne5 Ng6 10. f4 c6 11. b4 Qc7 12. Bd2 Bd7 13. c5 Bf8 14. Qc2 Red8 15. Bd3 Be8 16. h3 b6 17. g4 bxc5 18. bxc5 Rab8 19. Rab1 Rxb1 20. Nxb1 Rb8 21. Nc3 Rb7 22. Rb1 Qb8 23. Rxb7 Qxb7 24. Qb1 Qxb1+ 25. Nxb1 Nxe5 26. fxe5 Nd7 27. Kf2 Be7 28. Ba5 f6 29. exf6 gxf6 30. Ba6 Kf7 31. Bb7 Nxc5 32. dxc5 Bxc5 33. Ba6 e5 34. Bb4 Bb6 35. Bd2 c5 36. Bd3 h6 37. Bf5 Kg7 38. Nc3 Bc6 39. Ke1 d4 40. exd4 exd4 41. Ne4 c4 42. Kd1 a5 43. Nd6 c3 44. Bf4 Bc5 45. Nc4 a4 46. Kc2 Bd5 47. Kd3 Bg2 48. h4 Bf1+ 49. Kc2 Bxc4 0-1

[Event "COL pre olympic sf1"]
[Site "Medellin"]
[Date "2016.03.25"]
[Round "6"]
[White "Bravo, Juan Eduardo"]
[Black "Pineda, Paul"]
[Result "0-1"]
[WhiteElo "1720"]
[BlackElo "1600"]
[PlyCount "107"]
[EventDate "2016.03.22"]
[EventType "swiss"]
[EventRounds "9"]
[EventCountry "COL"]
[SourceTitle "CBM 171 Extra"]
[Source "ChessBase"]
[SourceDate "2016.04.26"]
[SourceVersion "1"]
[SourceVersionDate "2016.04.26"]
[SourceQuality "1"]

1. e4 g6 2. d4 d6 3. c4 Bg7 4. Nc3 c6 5. h3 Nf6 6. Nf3 0-0 7. Be2 Na6 8. 0-0 h6 9. Be3 c5 10. Qd2 cxd4 11. Nxd4 Kh7 12. Rfd1 Bd7 13. Rac1 Nb4 14. Bf1 Nc6 15. f3 a6 16. Qf2 Qe8 17. Nde2 Ne5 18. Nf4 Bc6 19. Nfd5 Bxd5 20. exd5 Rc8 21. b3 g5 22. f4 gxf4 23. Bxf4 Ng6 24. Bd3 b5 25. cxb5 Rxc3 26. Rxc3 Nxd5 27. Rcc1 Ndxf4 28. Qxf4 axb5 29. Qb4 Qb8 30. Rc2 Qb6+ 31. Kh1 Kg8 32. Qxb5 Qe3 33. Bxg6 fxg6 34. Re2 Qg3 35. Qc4+ Kh8 36. Qg4 Qxg4 37. hxg4 Be5 38. b4 Rf4 39. Rb1 Rxg4 40. b5 Rh4+ 41. Kg1 Bd4+ 42. Rf2 Rf4 43. Rbb2 Bxf2+ 44. Rxf2 Rb4 45. a4 Rxa4 46. Rb2 Kg7 47. b6 Ra8 48. Kf2 Rb8 49. b7 Kf6 50. Ke3 Ke6 51. Kd4 Kd7 52. Kd5 e6+ 53. Kd4 Kc6 54. g4 0-1